00423nam a2200133 a 450000500170000000800410001702000150005805000270007324500770010026000590017730000210023652100090025765000230026620140311161022.0020821s19uu xx 00 eng d a9814040509 aHD 30.28b.St7352 1998 aStrategic synergy /cedited by Andrew Campbell & Kathleen Sommers Luchs. aLondon :bInternational Thomson Business Press,c1998. a339 p. :c25 cm. aBSBA aStrategic planning